1635 1197 1258 1272 1197 1204 1938 1943 1127 1805 1556 1425 1492 1284 1436 1125 1120 1480 1594 1085 1091 1157 1847 1050 1514 1434 1319 1962 1856 1604 1118 1364 1052 1617 1595 1439 1993 1715 1695 1814 1620 1279 1106 1751 1487 1254 1084 1844 1462 1784 1162 1744 1819 1994 1224 1722 1055 1784 1242 1124 1890 1333 1998 1111 1636 1517 1118 1953 1719 1450 1755 1787 1173 1973 1104 1143 1476 1969 1653 1935 1976 1087 1712 1031 1988 1374 1654 1552 1731 1243 1621 1829 1864 1572 1878 1806 1959 1949 1935 BCNSPRNW ULIB Ver.6.0+V

เปลี่ยนเป็นภาษาไทย

Change to English
 แสดงรายละเอียดบรรณานุกรม
  กลับหน้าหลัก

Brief Record : Get Marc (ISO 2709) : E-mail record : QR code < ปิดหน้าต่าง
LEADER : 00000nam 2200000uu 4500
001    13399120195
003     ULIB
008    120911s2553||||th 000 0 tha d
020    ^a9789744655455
060  4 ^aW84^bอ823ก
100    ^aอุทัยวรรณ สุกิมานิล
245    ^aการบริการปฐมภูมิ. =^bPrimary care./^cโดย อุทัยวรรณ สุกิมานิล
246    ^aPrimary care
250    ^aพิมพ์ครั้งที่ 2
260    ^aนนทบุรี:^bโครงการสวัสดิการวิชาการ สถาบันพระบรมราชชนก,^c2553.
300    ^a263 หน้า
650    ^aการบริการด้านสุขภาพ
650  0 ^aบริการปฐมภูมิ
650  0 ^aสุขภาพ
945    ^p0^l0^i19505
945    ^p0^l0^i19506
999    ^aกัณชพร
รายการนี้ยังไม่มีแท็ก
คุณยังไม่ได้ล็อกอิน คุณสามารถมีกิจกรรมร่วมกับเว็บไซต์ได้ แต่ต้องล็อกอินก่อน ::
  ล็อกอิน

รายการสื่อสารสนเทศ

ลำดับที่ ประเภท เลขเรียก/บาร์โค้ด สถานที่ สถานะ
- ไม่พบข้อมูล -

รายการใกล้เคียง
    ผู้แต่ง [อุทัยวรรณ สุกิมานิล]

    หัวเรื่อง [การบริการด้านสุขภาพ]
    หัวเรื่อง [บริการปฐมภูมิ]
    หัวเรื่อง [สุขภาพ]

BibComment


ยังไม่เคยถูกคอมเมนท์

คอมเมนท์ทรัพยากรรายการนี้
  คอมเมนท์: การบริการปฐมภูมิ..


 Copyright 2026. Bcnsprnw @Library